Low fruit-set from Hevea hand pollination : Fruit load and propensity of floral shoots to fruit-bearing (Record no. 62306)

MARC details
000 -LEADER
fixed length control field 00433nam a2200145Ia 4500
100 ## - MAIN ENTRY--AUTHOR NAME
Personal name Yeang H Y
245 #0 - TITLE STATEMENT
Title Low fruit-set from Hevea hand pollination : Fruit load and propensity of floral shoots to fruit-bearing
260 ## - PUBLICATION, DISTRIBUTION, ETC. (IMPRINT)
Name of publisher Journal of Natural Rubber Research
Year of publication 1988
300 ## - PHYSICAL DESCRIPTION
Number of Pages 143-154
650 ## - SUBJECT ADDED ENTRY--TOPICAL TERM
Topical Term Hand pollination
650 ## - SUBJECT ADDED ENTRY--TOPICAL TERM
Topical Term Hevea
700 ## - ADDED ENTRY--PERSONAL NAME
Personal name Ong S H
942 ## - ADDED ENTRY ELEMENTS (KOHA)
Koha item type Journals
Holdings
Withdrawn status Lost status Damaged status Not for loan Home library Current library Shelving location Date acquired Serial Enumeration / chronology Koha item type
      Journals RRII Library RRII Library Botany 17/12/2021 Volume 3, Issue 3 Journals